000 00341cam a2200157ua 4500
001 304
008 120630n II |||gr||||Z||||||eng
040 _aMAIN
041 _aEnglish
082 _a330.9 GUP
100 _aGUPTA, DAS.
245 _aECONOMIC & COMMERCIAL GEOGRAPHY
260 _a[s.l]:
_bXXX
300 _a000.:
_c20CM.
942 _cBK
999 _c304
_d304